Udinese Calcio Squad 2015-2016 - Statistics

General Stats
  • This quiz has been taken 13 times
  • The average score is 13 of 37
Answer Stats
# Position Nation Player % Correct
10 FW Italy Antonio Di Natale
100%
31 GK Greece Orestis Karnezis
83%
53 DF Iraq Ali Adnan
75%
9 FW Colombia Duván Zapata
75%
77 FW France Cyril Théréau
67%
11 DF Italy Maurizio Domizzi
67%
5 DF Brazil Danilo
58%
99 MF Croatia Andrija Balić
50%
55 MF Iceland Emil Hallfreðsson
50%
7 MF Ghana Emmanuel Badu
50%
33 MF Greece Panagiotis Kone
50%
27 MF Switzerland Silvan Widmer
50%
8 MF Portugal Bruno Fernandes
42%
30 DF Brazil Felipe
42%
17 DF Colombia Pablo Armero
42%
88 FW Brazil Ryder Matos
42%
75 DF France Thomas Heurtaux
42%
26 MF Italy Giovanni Pasquale
33%
97 GK Italy Alex Meret
25%
20 MF Italy Francesco Lodi
25%
2 DF Mali Molla Wagué
25%
18 FW Croatia Stipe Perica
25%
52 MF Kazakhstan Alexander Merkel
17%
19 MF Qatar Guilherme
17%
- Coach Italy Luigi De Canio
17%
16 MF Chile Manuel Iturra
17%
- Coach Italy Stefano Colantuono
17%
32 DF Italy Agostino Camigliano
8%
21 DF Brazil Edenilson
8%
13 DF Argentina Emanuel Insúa
8%
89 MF Paraguay Iván Piris
8%
95 MF Brazil Lucas Evangelista
8%
23 MF Brazil Marquinho
8%
90 GK Venezuela Rafael Romo
8%
74 FW Uruguay Rodrigo Aguirre
8%
22 MF Serbia Zdravko Kuzmanović
8%
94 MF Argentina Gaspar Iñíguez
0%
No matching quizzes found
Score Distribution
Percent of People with Each Score
Percentile by Number Answered
Your Score History
You have not taken this quiz